Global Employment Trends

Bibliographic Details
Format: Journal
Language:English
Published: Genv̈e : International Labour Organization, represented by the International Labour Office (ILO), 1996-
Subjects:
Online Access:http://www.vlex.com/source/7311

MARC

LEADER 00000nas a22000007a 4500
005 20130325171009.0
007 cr|||| ||||
008 130325c19969999sz r|p s|||| 0|||a1eng d
035 |a 7311 
040 |a vLex 
090 |c 4013  |d 4013 
245 0 0 |a Global Employment Trends  |h [Recurso electrn̤ico]  
256 |a Servicio en ln̕ea 
260 |a Genv̈e :  |b International Labour Organization, represented by the International Labour Office (ILO),  |c 1996- 
300 |a 1 Recurso electrn̤ico 
506 |d vLex Global  |d vLex Global (Academic Edition, excluding Law Schools)  |d vLex Global (U.S. Academic Edition, Law Schools)  |d vLex Global (U.S. Academic Edition, excluding Law Schools)  |d vLex Global (Academic Edition, Law Schools) 
650 0 4 |a Derecho laboral  |v Revistas 
650 0 4 |a Trabajo  |v Revistas 
650 0 4 |a Empleo  |v Revistas 
740 |a vLex Revistas (Servicio en ln̕ea) 
856 |a Acceso restringido  |u http://www.vlex.com/source/7311 
942 |c REV 
999 0 |a Labor law and legislation